| 000 | 00844na a2200277 4500 | ||
|---|---|---|---|
| 001 | 13960 | ||
| 003 | MIRAKIL | ||
| 005 | 20181213155029.0 | ||
| 008 | 161011b tu 000 0 | ||
| 020 | _a9786056385902 | ||
| 035 | _a13960 | ||
| 040 |
_aMilas _btur _cTR-AnCHP |
||
| 082 |
_a923.2 Ecevit,B. _bP45e 2013 |
||
| 090 | _a923.2 Ecevit,B. P45e 2013 | ||
| 100 | _aPınarbaşı, Şeref | ||
| 245 |
_aEcevit nasıl karaoğlan oldu _cŞeref Pınarbaşı |
||
| 260 |
_aSöke _bTuna gazetecilik _c2013 |
||
| 300 |
_a110 s. _bres. _c20 sm. |
||
| 500 | _aYapıt yazarından imzalıdır. | ||
| 500 | _a"Eğitim üzerine denemeler" | ||
| 600 |
_aEcevit, Bülent _xAnılar |
||
| 600 |
_aEcevit, Bülent _xYaşamöyküsü |
||
| 650 |
_aEğitim _xDenemeler _zTürkiye |
||
| 650 |
_aDevlet başkanları _xYaşamöyküsü |
||
| 942 |
_2ddc _cBKS |
||
| 999 |
_c5148 _d5148 |
||